Sử dụng chỉ thị SSR trong đánh giá đa dạng di truyền và vân tay DNA của 19 giống lúa chuẩn /

محفوظ في:
التفاصيل البيبلوغرافية
المؤلف الرئيسي: Trần Long.
مؤلفون آخرون: Lưu Minh Cúc., Nguyễn Quang Sáng., Phạm Xuân Hội.
التنسيق: مقال
اللغة:Vietnamese
الموضوعات:
DNA
الوسوم: إضافة وسم
لا توجد وسوم, كن أول من يضع وسما على هذه التسجيلة!
Thư viện lưu trữ: Thư viện Trường Đại học Đà Lạt
LEADER 00980nam a2200313 4500
001 DLU200000036
005 ##20201228
040 # # |a DLU  |b vie 
041 # # |a vie 
044 # # |a vn 
100 # # |a Trần Long. 
245 # # |a Sử dụng chỉ thị SSR trong đánh giá đa dạng di truyền và vân tay DNA của 19 giống lúa chuẩn /  |c Trần Long, ...[và những người khác]. 
653 # # |a Chỉ thị 
653 # # |a DNA 
653 # # |a Hệ số tương đồng di truyền 
653 # # |a Vân tay 
700 # # |a Lưu Minh Cúc. 
700 # # |a Nguyễn Quang Sáng. 
700 # # |a Phạm Xuân Hội. 
773 # # |t Tạp chí Công nghệ Sinh học  |g Số 16(4), 2018, tr. 603-609 
920 # # |a Phòng Tạp chí -- Trung tâm Thông tin - Thư viện Trường Đại học Đà Lạt 
994 # # |a DLU 
900 # # |a True 
911 # # |a Hoàng Thị Huyền 
925 # # |a G 
926 # # |a A 
927 # # |a BB 
980 # # |a Thư viện Trường Đại học Đà Lạt